000 00479nam a2200193Ia 4500
008 170705s9999 xx 000 0 und d
020 _a9780439872485
245 _aSister magic :
245 _bMabel makes the grade /
245 _cAnne Mazer ; illustrated by Bill Brown.
260 _aNew York :
260 _bScholastic,
260 _c2007
300 _a93 pages :
300 _bcolor illustration ;
300 _c19cm.
440 _aLittle apple.
500 _a370
999 _c335615
_d335615